| 000 | 00747nam a22002177a 4500 | ||
|---|---|---|---|
| 999 |
_c15580 _d15580 |
||
| 003 | AR-CdUCM | ||
| 008 | 190429b ||||| |||| 00| 0 spa d | ||
| 020 | _a9972-47-010-5 | ||
| 040 |
_aMUNICIPALIDAD PROVINCIAL DEL CUSCO _cBIBLIOTECA MUNICIPAL DEL CUSCO |
||
| 082 |
_a694 / _bM84 |
||
| 100 |
_aMoore, Aaron. _934699 |
||
| 245 | _aCómo construir herramientas manuales de carpintería / | ||
| 260 |
_aPerú : _bIntermediate Technology Development Group, ITDG, _c1998. |
||
| 300 |
_a28 páginas ; _c20 cm. |
||
| 505 | _aContenido :El gramil -- La escuadra -- El cepillo ... | ||
| 650 |
_aCarpintería. _920167 |
||
| 650 |
_aManualidades. _915530 |
||
| 650 |
_aEl arte en las manos. _934700 |
||
| 942 |
_2ddc _cLIBROS |
||
| 945 |
_arum1 _d2019-04-29 |
||